000 00895nam a2200325Ia 4500
003 OSt
005 20220912153153.0
006 a|||||r|||| 00| 0
007 ta
008 220909b |||||||| |||| 00| 0 eng d
020 _a 0122268032(V3) (hbd)
020 _a0122268008(Set) (hbd)
024 _a7599
037 _bBiotek,
037 _cReference Collections
040 _aCSL
_beng
_cCSL
041 _aeng
082 _aG91k, N2;P0.3 RR
100 _aLederberg Joshua Ed.
245 0 _aEncyclopedia of microbiology
250 _a2
260 _aSan Diego
_bAcademic Press
_c2000
300 _ap.
_ccm.
500 _aIncludes bibliographical references
650 _a Biology
650 _a Microbiology
650 _aEncyclopedia
942 _hG91k, N2;P0.3 RR
_cREF
_2CC
999 _c99168
_d99168